História hutníctva

Bibliographic Details
Main Author: Bihari, Sándor, 1932-2011 (Author)
Other Authors: Feribský, Anton B. (Translator)
Format: Book
Language:Slovak
Hungarian
PhysicalDescription:44 strán ilustrácie 21 cm
Published: Martin Osveta 1953
Edition:Vydanie 1.
Series:Malá náučná knižnica
Subjects:

MARC

LEADER 00000cam a2200000 a 4500
001 vtls008364622
003 SK-MaSNL
005 20260301145031.0
008 230403s1953 xo a 000 0 slo
015 |a SNBA19451955-000832 
020 |q (brožované) 
035 |a SK01SNKBKSFS20020056839 
035 |a urn:nbn:sk:snk-am3hszv 
035 |a 0D1ADD9E-99A0-4E95-B51B-328B37DFAB0E 
035 |a urn:nbn:sk:snk-am00d88h 
035 |a SKM000059302 
040 |a SNK  |b slo  |c SNK  |e AACR2 
041 1 |a slo  |h hun 
044 |a xo  |c SK 
080 |a 669  |2 1981 
100 1 |a Bihari, Sándor,  |d 1932-2011  |4 aut  |9 64104 
245 1 0 |a História hutníctva  |c Sándor Bihari ; z maďarského originálu A kohászat története ... preložil Anton B. Feribský 
250 |a Vydanie 1. 
260 |a Martin  |b Osveta  |c 1953  |e Ružomberok  |f Severoslov. tlač. 
300 |a 44 strán  |b ilustrácie  |c 21 cm 
366 |e 3000 kusov 
490 1 |a Malá náučná knižnica  |v sv. 103 
650 0 7 |a metalurgia  |2 SNKPH  |9 941 
650 0 7 |a dejiny metalurgie  |2 SNKPH  |9 263425 
655 7 |a prehľady  |2 SNKPH  |9 70194 
700 1 |a Feribský, Anton B.  |4 trl  |9 504243 
830 0 |a Malá náučná knižnica  |9 308631 
852 |a Slovenská národná knižnica 
954 |a odborná, vedecká literatúra cudzojazyčná (svetová)  |2 lita 
958 |a RK 
958 |a TL 
958 |a OND 
958 |a OP 
958 |a EUIPO 
968 |b MAG 
999 |c 778917  |d 780847 
952 |a SNK  |b SNK  |y PREZ  |7 0  |p 17A0748028  |o snkSC 4075/103  |i snk438/54  |0 0  |1 0  |4 0  |d 2011-12-05  |f 1  |l 0  |r 2025-06-25 00:00:00  |w 2026-02-24 
952 |a SNK  |b SNK  |y VYP  |7 0  |p 17A0115732  |o snkSC 4075/103 D1  |i snkI. 3056/54  |0 0  |1 0  |4 0  |d 1997-12-17  |l 0  |r 2005-01-02 00:00:00  |w 2026-02-24